000 01054nam a2200277Ia 4500
003 OSt
005 20221005105222.0
006 a|||||r|||| 00| 0
007 ta
008 221004b |||||||| |||| 00| 0 hin d
020 _a9789381067659 (hbk)
_cINR 550.00
024 _a37161
037 _b379, 10/03/2018, Eastern Book Linkers
_cTextual
040 _aCRL
_cCRL
_bhin
041 _2hin
_ahin
082 _aR6350aT:6, 152Q6
100 _aतोमर, विकास, ले.
245 0 _aयोग और शारीरिक शिक्षा
246 _aYog aur shārīrik shikṣhā
260 _aनई दिल्ली
_bआर्या पब्लिकेशन्स भारत
_c2016
300 _a251पृ0
_ccm.
650 _a शारीरिक शिक्षा
_9157218
650 _aपाताजंली योग-सूत्र
942 _hR6350aT:6, 152Q6
_cTEXL
_2cc
999 _c1015163
_d1015163